Vozmožnosti ekonomičeskogo sotrudničestva stran bassejna Japonskogo morja.

Štruktúra exportu krajín Ďalekého Východu a možnosti ich regionálnej spolupráce. Možnosti spolupráce v lesnom hospodárstve a vo využívaní morí. Spolupráca s japonskými a čínskymi podnikateľmi v spoločných podnikoch. Možnosti prenajímania pôdy ZSSR na Ďalekom Východe.

Salvato in:
Dettagli Bibliografici
Autore principale: Voroncov, D.
Natura: Capitolo di libro
Lingua:russo
Soggetti:
Tags: Aggiungi Tag
Nessun Tag, puoi essere il primo ad aggiungerne!!

MARC

LEADER 00000naa a2200000 4500
001 r004702
005 20221130103903.8
041 0 |a rus 
044 |a [SU] 
245 1 0 |a Vozmožnosti ekonomičeskogo sotrudničestva stran bassejna Japonskogo morja.  |c D. Voroncov 
520 |a Štruktúra exportu krajín Ďalekého Východu a možnosti ich regionálnej spolupráce. Možnosti spolupráce v lesnom hospodárstve a vo využívaní morí. Spolupráca s japonskými a čínskymi podnikateľmi v spoločných podnikoch. Možnosti prenajímania pôdy ZSSR na Ďalekom Východe. 
610 2 0 |a spolupráca hospodárska medzinárodná 
610 2 0 |a Ďaleký východ 
610 2 0 |a Japonsko 
610 2 0 |a ZSSR 
610 2 0 |a štruktúra vývozu 
610 2 0 |a podnik spoločný 
100 1 |a Voroncov, D.